Statistiques concernant Culture Générale - Série 1270

Cliquez ici pour prendre le quiz!

Statistiques générales

  • Ce quiz a été pris 81 fois
  • Le résultat moyen est 6 sur 10

Statistiques - réponses

QuestionRéponse% Correct
Quel sens Louis Braille a-t-il perdu à l'âge de trois ans ?vue
96%
Sous quelle plante parasite, recherchée par le druide Panoramix, s'embrasse-t-on traditionnellement au nouvel an ?gui
92%
Quel nom de 4 lettres désigne le petit papillon blanchâtre, dont la larve ronge les vêtements de laine ?mite
78%
D'une chose sans importance, on dit qu'elle ne vaut pas "un pet de...lapin
77%
À quel département le code postal 25 correspond-il ?Doubs
72%
De quel pays Accra est-elle la capitale ?Ghana
65%
Sur quel hippodrome le prix de l'Arc de Triomphe se dispute-t-il ?Longchamp
59%
Quelle est la capitale des Seychelles ?Victoria
55%
Jusqu'en 1977, à quel auteur de BD doit-on les scénarios des aventures d'Iznogoud ?René Goscinny
32%
Sous quel pseudonyme Jennifer, la fille de Jeane Manson, poursuit-elle une carrière de chanteuse ?Shirel
7%

Distribution des résultats

Percentile par nombre de réponses

% des personnes avec chaque résultat

Votre développement - résultats

Vous n’avez pas pris ce quiz